000 00518nam a2200133Ia 4500
008 160809s9999 xx 000 0 und d
100 _aKoutsoklenis, Athanasios.
245 _aTOURETTE SYNDROME: SCHOOL-BASED INTERVENTIONS FOR TICS AND ASSOCIATED CONDITIONS
245 _cAthanasios Koutsoklenis Zoe Theodoridou University of Macedonia.
260 _bInternational Journal of Special Education
260 _c2012
650 _xSPECIAL EDUCATION
856 _uhttp://www.internationaljournalofspecialed.com/issues.php
999 _c300384
_d300384